Traja kamaráti

Bibliographic Details
Main Author: Remarque, Erich Maria, 1898-1970 (Author)
Other Authors: Krausová, Nora, 1920-2009 (Translator), Mjertušová, Anastázia (Illustrator), Bžoch, Jozef, 1926-2018 (Author of introduction, etc.)
Format: Book
Language:Slovak
German
PhysicalDescription:412 s., [9] obr. príl. 21 cm
Published: Bratislava Smena 1965
Series:Máj
Subjects:

MARC

LEADER 00000cam a2200000 a 4500
001 vtls001319248
003 SK-MaSNL
005 20260301104858.0
008 240226s1965 xo a 000 f slo
015 |a SNBA1965/11-02760 
035 |a SNK000271841 
035 |a urn:nbn:sk:snk-am3h4vg 
035 |a urn:nbn:sk:snk-am00co08 
035 |a F1CF8952-34BB-4333-839F-074C2E681AFA 
040 |a SNK  |b slo  |a SNK  |e AACR2  |c SNK 
041 1 |a slo  |h ger 
044 |a xo  |c SK 
080 |a 821.112.2-31=162.4  |2 2001 
100 1 |a Remarque, Erich Maria,  |d 1898-1970  |4 aut 
240 1 0 |a Drei Kameraden  |l Slovensky 
245 1 0 |a Traja kamaráti  |c Erich Maria Remarque ; [z nemeckého originálu Drei Kameraden ... preložila Nora Krausová] 
260 |a Bratislava  |b Smena  |c 1965 
300 |a 412 s., [9] obr. príl.  |c 21 cm 
490 1 |a Máj  |v zv. 70 
655 7 |a nemecké romány  |2 SNKPH  |9 70433 
700 1 |a Krausová, Nora,  |d 1920-2009  |4 trl  |9 103843 
700 1 |a Mjertušová, Anastázia  |4 ill  |9 388163 
700 1 |a Bžoch, Jozef,  |d 1926-2018  |4 aui  |9 13856 
830 0 |a Máj  |9 278694 
954 |a beletria cudzojazyčná (svetová)  |2 lita 
999 |c 699365  |d 701295 
952 |t P60, <03>, [BOOK], {603}  |a SNK  |b SNK  |y PREZ  |7 0  |p 17A0118278  |o snkSD 28005  |i snkK 252/98  |0 0  |1 0  |4 0  |d 1998-02-04  |f 1  |l 0  |r 2005-01-02 00:00:00  |w 2026-02-23 
952 |t P60, <05>, [BOOK], {605}  |a SNK  |b SNK  |y PREZ  |7 0  |p 17A0208779  |o snkSD 28005 D1  |i snkK 959/99  |0 0  |1 0  |4 0  |d 1999-09-28  |l 0  |r 2005-01-02 00:00:00  |w 2026-02-23